QUEST Central Library Banner

Handbook of Highway Engineering (Record no. 11935)

MARC details
000 -LEADER
fixed length control field 00339nam a22001457a 4500
020 ## - INTERNATIONAL STANDARD BOOK NUMBER
ISBN 0898744822
020 ## - INTERNATIONAL STANDARD BOOK NUMBER
ISBN 978-0898744828
082 ## - DEWEY DECIMAL CLASSIFICATION NUMBER
Classification number 625.7BAK
100 ## - MAIN ENTRY--AUTHOR NAME
Personal name Baker, Robert F.
245 ## - TITLE STATEMENT
Title Handbook of Highway Engineering
260 ## - PUBLICATION, DISTRIBUTION, ETC. (IMPRINT)
Place of publication New York
Name of publisher Van Nostron
Year of publication 1975
300 ## - PHYSICAL DESCRIPTION
Number of Pages 894
650 ## - SUBJECT ADDED ENTRY--TOPICAL TERM
Topical Term Highway Engineering
942 ## - ADDED ENTRY ELEMENTS (KOHA)
Koha item type Books
Holdings
Withdrawn status Lost status Home library Current library Date acquired Cost, normal purchase price Full call number Accession Number Koha item type
    Central Library, QUEST, Nawabshah Seminar Library, Civil Engg. 13/01/2015 680.85 625.7BAK 8478 Books

Copyright © 2018,The QUEST, Nawabshah, Shaheed Benazirabad. All rights reserved
Mr. G. Farooq Channar (Librarian) QUEST, Nawabshah, Sindh, Pakistan 67480.
 Ph#: |   0244-9370381-4 Ext. 2308   Email| lib@quest.edu.pk   Web|  http://www.quest.edu.pk